Teoretické a praktické aspekty fiškálnej decentralizácie

Salvato in:
Dettagli Bibliografici
Autore principale: Žárska, Elena, 1955-
Ente Autore: Ekonomická univerzita v Bratislave. Národohospodárska fakulta
Altri autori: Kozovský, Dušan, Hamalová, Marta, Peková, Jitka
Natura: Libro
Lingua:slovacco
Pubblicazione: Bratislava Vydavateľstvo EKONÓM 2008
Soggetti:
Tags: Aggiungi Tag
Nessun Tag, puoi essere il primo ad aggiungerne!!

MARC

LEADER 00000nam$a2200000$$$4500
001 0069169
005 20240502071833.4
020 |a 978-80-225-2466-7 
041 0 |a slo 
044 |a SK 
245 1 0 |a Teoretické a praktické aspekty fiškálnej decentralizácie  |c Elena Žárska, Dušan Kozovský 
264 1 |a Bratislava  |b Vydavateľstvo EKONÓM  |c 2008 
300 |a 125 s. 
610 2 0 |a decentralizácia 
610 2 0 |a správa verejná 
610 2 0 |a Slovensko 
610 2 0 |a reformy hospodárske 
610 2 0 |a rozpočty verejné 
100 1 |a Žárska, Elena, 1955- 
700 1 |a Kozovský, Dušan 
700 1 |a Hamalová, Marta 
700 1 |a Peková, Jitka 
710 2 |a Ekonomická univerzita v Bratislave. Národohospodárska fakulta